| 000 | 00393nam a2200145Ia 4500 | ||
|---|---|---|---|
| 008 | 211109s9999||||xx |||||||||||||| ||und|| | ||
| 082 |
_a516 _bCOC-T |
||
| 100 | _aCockshoot, Arthur | ||
| 245 | 0 | _aTreatise On Geometrical Conics | |
| 260 |
_bMacmillan and Co., Limited _aKingston _c1994 |
||
| 300 | _a259p. | ||
| 630 | _xGeneral Stack | ||
| 650 |
_aGEOMETRY _vScience _xMathematics |
||
| 942 | _cBOOK | ||
| 999 |
_c4536 _d4536 |
||